000 00317nam a2200121Ia 4500
008 190216s9999||||xx |||||||||||||| ||und||
100 _aFarrickton Daniels&Amp;Williams J W
245 0 _aExperimental Physical Chemistry
260 _bMcgraw -hill
_c1956
300 _a669p
650 _aChemistry-Chemistry
942 _cBK
999 _c2459
_d2459